[Event "Marianske Lazne 2023"]
[Site "?"]
[Date "2023.01.19"]
[Round "7.17"]
[White "Kantorik, Marian"]
[Black "Mica, Marek"]
[Result "1/2-1/2"]
[BlackElo "2244"]
[WhiteElo "2199"]
[LiveChessVersion "1.4.8"]

1. d4 {[%clk 1:30:18]} d5 {[%clk 1:30:51]} 2. c4 {[%clk 1:30:34]} e6
{[%clk 1:31:13]} 3. Nc3 {[%clk 1:30:45]} Nf6 {[%clk 1:31:32]} 4. cxd5
{[%clk 1:30:49]} exd5 {[%clk 1:31:54]} 5. Bg5 {[%clk 1:31:10]} c6
{[%clk 1:32:09]} 6. e3 {[%clk 1:30:53]} h6 {[%clk 1:32:12]} 7. Bh4
{[%clk 1:30:51]} Bd6 {[%clk 1:31:59]} 8. Bd3 {[%clk 1:30:55]} O-O
{[%clk 1:31:47]} 9. Nge2 {[%clk 1:30:10]} Re8 {[%clk 1:31:47]} 10. Qc2
{[%clk 1:30:17]} a5 {[%clk 1:31:21]} 11. a3 {[%clk 1:28:29]} Na6 {[%clk 1:28:45]}
12. Bg3 {[%clk 1:25:57]} Nc7 {[%clk 1:27:06]} 13. O-O {[%clk 1:23:12]} Bxg3
{[%clk 1:26:23]} 14. Nxg3 {[%clk 1:22:41]} Ne6 {[%clk 1:25:33]} 15. b4
{[%clk 1:19:25]} Qd6 {[%clk 1:16:52]} 16. b5 {[%clk 1:15:01]} c5 {[%clk 1:15:31]}
17. Nf5 {[%clk 1:07:43]} Qf8 {[%clk 1:15:40]} 18. dxc5 {[%clk 1:06:50]} Nxc5
{[%clk 1:16:03]} 19. Nd4 {[%clk 1:00:48]} Bd7 {[%clk 1:15:05]} 20. Na4
{[%clk 0:54:23]} Nxa4 {[%clk 1:11:59]} 21. Qxa4 {[%clk 0:52:50]} Qd6
{[%clk 1:10:15]} 22. Qb3 {[%clk 0:45:52]} b6 {[%clk 1:08:14]} 23. Rac1
{[%clk 0:44:42]} Rac8 {[%clk 1:07:28]} 24. Qb2 {[%clk 0:40:49]} Qe5
{[%clk 1:03:58]} 25. Qd2 {[%clk 0:40:27]} Qd6 {[%clk 1:02:08]} 26. Qb2
{[%clk 0:37:57]} Qe5 {[%clk 1:01:51]} 27. Qd2 {[%clk 0:37:35]} 1/2-1/2

[Event "Marianske Lazne 2023"]
[Site "?"]
[Date "2023.01.19"]
[Round "7.18"]
[White "Jurek, Josef"]
[Black "Nasshan, Dennis"]
[Result "0-1"]
[BlackElo "2320"]
[WhiteElo "2230"]
[LiveChessVersion "1.4.8"]

1. c4 {[%clk 1:30:53]} c6 {[%clk 1:30:57]} 2. Nf3 {[%clk 1:30:38]} Nf6
{[%clk 1:31:23]} 3. Nc3 {[%clk 1:30:18]} d5 {[%clk 1:31:48]} 4. e3
{[%clk 1:30:03]} e6 {[%clk 1:32:11]} 5. Qc2 {[%clk 1:29:19]} Bd6 {[%clk 1:32:26]}
6. b3 {[%clk 1:28:07]} O-O {[%clk 1:32:41]} 7. Be2 {[%clk 1:25:48]} e5
{[%clk 1:30:13]} 8. cxd5 {[%clk 1:25:48]} cxd5 {[%clk 1:30:38]} 9. Nb5
{[%clk 1:24:44]} Nc6 {[%clk 1:31:04]} 10. Nxd6 {[%clk 1:24:20]} Qxd6
{[%clk 1:31:32]} 11. Bb2 {[%clk 1:19:25]} Bg4 {[%clk 1:26:57]} 12. d4
{[%clk 1:15:39]} e4 {[%clk 1:13:58]} 13. Ne5 {[%clk 1:15:06]} Bxe2
{[%clk 0:39:25]} 14. Qxe2 {[%clk 1:13:03]} Qb4+ {[%clk 0:36:32]} 15. Qd2
{[%clk 1:09:25]} Rfc8 {[%clk 0:36:51]} 16. Nxc6 {[%clk 0:57:20]} Qxd2+
{[%clk 0:36:57]} 17. Kxd2 {[%clk 0:57:39]} Rxc6 {[%clk 0:37:25]} 18. h3
{[%clk 0:52:36]} Rac8 {[%clk 0:36:01]} 19. Rhc1 {[%clk 0:51:57]} Kf8
{[%clk 0:36:26]} 20. Ba3+ {[%clk 0:48:49]} Ke8 {[%clk 0:36:48]} 21. Bd6
{[%clk 0:48:33]} Kd7 {[%clk 0:33:45]} 22. Be5 {[%clk 0:47:38]} Ne8
{[%clk 0:34:13]} 23. Rxc6 {[%clk 0:46:51]} Rxc6 {[%clk 0:34:37]} 24. Rc1
{[%clk 0:45:56]} f6 {[%clk 0:34:18]} 25. Rxc6 {[%clk 0:44:05]} Kxc6
{[%clk 0:34:47]} 26. Bf4 {[%clk 0:40:46]} g5 {[%clk 0:33:35]} 27. Bb8
{[%clk 0:37:15]} a6 {[%clk 0:33:53]} 28. g4 {[%clk 0:36:21]} Ng7 {[%clk 0:33:49]}
29. Ke2 {[%clk 0:33:48]} Ne6 {[%clk 0:34:13]} 30. Bg3 {[%clk 0:32:41]} Kd7
{[%clk 0:33:35]} 31. Kd2 {[%clk 0:29:41]} Nd8 {[%clk 0:33:44]} 32. Kc3
{[%clk 0:23:40]} Nc6 {[%clk 0:32:57]} 33. Bh2 {[%clk 0:23:37]} Ke6
{[%clk 0:32:45]} 34. Bc7 {[%clk 0:23:47]} f5 {[%clk 0:32:35]} 35. Kd2
{[%clk 0:18:33]} Kf6 {[%clk 0:30:18]} 36. Bd6 {[%clk 0:18:37]} Kg6
{[%clk 0:30:05]} 37. Ke2 {[%clk 0:18:27]} h5 {[%clk 0:29:49]} 38. f3
{[%clk 0:18:11]} exf3+ {[%clk 0:29:59]} 39. Kxf3 {[%clk 0:18:28]} Nd8
{[%clk 0:30:10]} 40. Be7 {[%clk 0:14:48]} Ne6 {[%clk 0:26:59]} 41. Bd6
{[%clk 0:14:07]} Ng7 {[%clk 0:22:16]} 42. Be7 {[%clk 0:10:43]} hxg4+
{[%clk 0:21:14]} 43. hxg4 {[%clk 0:10:51]} Ne8 {[%clk 0:21:38]} 44. Bd8
{[%clk 0:30:28]} fxg4+ {[%clk 0:49:06]} 45. Kxg4 {[%clk 0:30:22]} Nf6+
{[%clk 0:49:32]} 46. Kg3 {[%clk 0:28:14]} Kf5 {[%clk 0:49:35]} 47. Bc7
{[%clk 0:27:14]} Ne4+ {[%clk 0:44:35]} 48. Kh3 {[%clk 0:27:14]} Nc3
{[%clk 0:37:39]} 49. Ba5 {[%clk 0:24:09]} Nxa2 {[%clk 0:34:34]} 50. Bd2
{[%clk 0:24:20]} Ke4 {[%clk 0:34:59]} 51. Kg4 {[%clk 0:24:13]} Kd3
{[%clk 0:34:51]} 52. Ba5 {[%clk 0:21:53]} Kxe3 {[%clk 0:32:43]} 53. Bb6
{[%clk 0:22:05]} Kd3 {[%clk 0:27:15]} 54. Kxg5 {[%clk 0:21:27]} Kc3
{[%clk 0:25:19]} 55. Kf5 {[%clk 0:21:23]} Kxb3 {[%clk 0:25:24]} 56. Ke5
{[%clk 0:17:35]} Kc4 {[%clk 0:25:48]} 57. Kd6 {[%clk 0:17:37]} a5
{[%clk 0:24:27]} 0-1

[Event "Marianske Lazne 2023"]
[Site "?"]
[Date "2023.01.19"]
[Round "7.19"]
[White "Mannion, Stephen R"]
[Black "Ocelak, Jakub"]
[Result "1-0"]
[BlackElo "2105"]
[WhiteElo "2224"]
[LiveChessVersion "1.4.8"]

1. e4 {[%clk 1:30:58]} e6 {[%clk 1:30:53]} 2. d4 {[%clk 1:31:21]} d5
{[%clk 1:31:20]} 3. Nd2 {[%clk 1:31:47]} c5 {[%clk 1:31:45]} 4. exd5
{[%clk 1:31:44]} Qxd5 {[%clk 1:32:12]} 5. dxc5 {[%clk 1:32:01]} Nf6
{[%clk 1:32:36]} 6. Ngf3 {[%clk 1:32:17]} Qxc5 {[%clk 1:33:00]} 7. Bd3
{[%clk 1:32:28]} Nbd7 {[%clk 1:33:26]} 8. O-O {[%clk 1:32:21]} Qc7
{[%clk 1:33:53]} 9. Qe2 {[%clk 1:31:58]} Nc5 {[%clk 1:33:16]} 10. Bb5+
{[%clk 1:31:41]} Bd7 {[%clk 1:33:28]} 11. a4 {[%clk 1:30:54]} a6 {[%clk 1:29:26]}
12. Bxd7+ {[%clk 1:30:40]} Ncxd7 {[%clk 1:29:49]} 13. Nc4 {[%clk 1:27:48]} Rc8
{[%clk 1:24:51]} 14. b3 {[%clk 1:28:02]} Be7 {[%clk 1:23:11]} 15. a5
{[%clk 1:25:17]} O-O {[%clk 1:16:12]} 16. Bb2 {[%clk 1:25:26]} Nd5
{[%clk 1:00:52]} 17. Nfe5 {[%clk 1:22:58]} Nxe5 {[%clk 0:57:42]} 18. Bxe5
{[%clk 1:17:57]} Qc6 {[%clk 0:57:43]} 19. Rfd1 {[%clk 1:02:24]} f6
{[%clk 0:51:29]} 20. Bd6 {[%clk 1:01:14]} Kf7 {[%clk 0:38:46]} 21. Qh5+
{[%clk 0:52:59]} Kg8 {[%clk 0:39:10]} 22. Qg4 {[%clk 0:44:38]} f5
{[%clk 0:26:58]} 23. Qe2 {[%clk 0:45:04]} Rf6 {[%clk 0:27:24]} 24. Bxe7
{[%clk 0:44:00]} Nxe7 {[%clk 0:27:48]} 25. Rd6 {[%clk 0:34:07]} Qe4
{[%clk 0:27:09]} 26. Qxe4 {[%clk 0:31:16]} fxe4 {[%clk 0:27:37]} 27. Re1
{[%clk 0:31:20]} e3 {[%clk 0:13:25]} 28. fxe3 {[%clk 0:31:04]} Rcf8
{[%clk 0:13:21]} 29. Ne5 {[%clk 0:27:13]} Nf5 {[%clk 0:06:12]} 30. Rdd1
{[%clk 0:26:42]} Rc8 {[%clk 0:06:13]} 31. c4 {[%clk 0:26:54]} Rff8
{[%clk 0:05:45]} 32. e4 {[%clk 0:13:15]} Nh4 {[%clk 0:06:01]} 33. Rd6
{[%clk 0:12:33]} Rfe8 {[%clk 0:05:23]} 34. b4 {[%clk 0:12:29]} Ng6
{[%clk 0:03:25]} 35. Nxg6 {[%clk 0:12:32]} hxg6 {[%clk 0:03:53]} 36. c5
{[%clk 0:12:51]} Rc7 {[%clk 0:02:38]} 37. Red1 {[%clk 0:12:23]} Ree7
{[%clk 0:02:54]} 38. R1d3 {[%clk 0:08:56]} g5 {[%clk 0:03:17]} 39. Rg3
{[%clk 0:08:44]} Rf7 {[%clk 0:03:40]} 40. Rxe6 {[%clk 0:03:13]} Rcd7
{[%clk 0:03:59]} 41. h3 {[%clk 0:03:30]} Rd4 {[%clk 0:02:21]} 42. Rb6
{[%clk 0:03:50]} Rxe4 {[%clk 0:01:12]} 43. Rxg5 {[%clk 0:04:11]} Kf8
{[%clk 0:29:47]} 44. Kh2 {[%clk 0:29:23]} Kg8 {[%clk 0:29:02]} 45. Kg3
{[%clk 0:26:13]} Re3+ {[%clk 0:27:53]} 46. Kh2 {[%clk 0:24:09]} Re4
{[%clk 0:28:15]} 47. Rgg6 {[%clk 0:24:05]} Kh7 {[%clk 0:28:18]} 48. c6
{[%clk 0:20:32]} bxc6 {[%clk 0:25:09]} 49. Rgxc6 {[%clk 0:20:58]} Rf2
{[%clk 0:25:20]} 50. Rg6 {[%clk 0:19:38]} Rff4 {[%clk 0:23:43]} 51. Rxa6
{[%clk 0:14:42]} Rxb4 {[%clk 0:24:04]} 52. Rg3 {[%clk 0:12:37]} Rf7
{[%clk 0:21:47]} 53. Rb6 {[%clk 0:11:36]} Ra4 {[%clk 0:20:13]} 54. a6
{[%clk 0:12:02]} Ra7 {[%clk 0:17:20]} 55. Rgg6 {[%clk 0:11:54]} Rf7
{[%clk 0:17:10]} 56. Rg4 {[%clk 0:10:32]} Rxg4 {[%clk 0:13:48]} 57. hxg4
{[%clk 0:10:45]} Rf4 {[%clk 0:12:10]} 58. a7 {[%clk 0:09:37]} Ra4
{[%clk 0:12:26]} 59. Rb7 {[%clk 0:10:02]} Ra3 {[%clk 0:10:54]} 60. Kg1
{[%clk 0:10:05]} Ra2 {[%clk 0:11:12]} 61. Kf1 {[%clk 0:10:24]} Kh6
{[%clk 0:10:16]} 62. g5+ {[%clk 0:10:29]} Kxg5 {[%clk 0:08:09]} 63. Rxg7+
{[%clk 0:10:55]} Kf6 {[%clk 0:08:30]} 64. Rb7 {[%clk 0:10:36]} Ke6
{[%clk 0:04:22]} 65. Ke1 {[%clk 0:10:58]} Kf6 {[%clk 0:04:30]} 66. Kd1
{[%clk 0:11:21]} Ke6 {[%clk 0:04:57]} 67. Kc1 {[%clk 0:11:43]} Kf6
{[%clk 0:04:57]} 68. Kb1 {[%clk 0:12:07]} Ra5 {[%clk 0:05:01]} 69. Kb2
{[%clk 0:12:27]} Ke6 {[%clk 0:02:50]} 70. Kb3 {[%clk 0:12:41]} Kd6
{[%clk 0:02:37]} 71. Kb4 {[%clk 0:11:39]} Ra1 {[%clk 0:02:51]} 72. Rg7
{[%clk 0:11:36]} Kc6 {[%clk 0:02:25]} 73. g4 {[%clk 0:11:38]} Kd6
{[%clk 0:01:48]} 74. g5 {[%clk 0:11:57]} Kc6 {[%clk 0:01:48]} 75. g6
{[%clk 0:11:50]} Rb1+ {[%clk 0:01:42]} 76. Kc4 {[%clk 0:12:05]} Rc1+
{[%clk 0:02:04]} 77. Kb3 {[%clk 0:11:59]} Ra1 {[%clk 0:02:15]} 78. Rf7
{[%clk 0:12:17]} Kb6 {[%clk 0:01:26]} 79. g7 {[%clk 0:12:38]} 1-0

[Event "Marianske Lazne 2023"]
[Site "?"]
[Date "2023.01.19"]
[Round "7.20"]
[White "Besou, Hussain"]
[Black "Holtel, Jasper"]
[Result "1-0"]
[BlackElo "2357"]
[WhiteElo "2288"]
[LiveChessVersion "1.4.8"]

1. d4 {[%clk 1:30:57]} Nf6 {[%clk 1:27:49]} 2. c4 {[%clk 1:31:21]} g6
{[%clk 1:28:13]} 3. Nc3 {[%clk 1:31:46]} d5 {[%clk 1:28:34]} 4. cxd5
{[%clk 1:32:11]} Nxd5 {[%clk 1:28:56]} 5. e4 {[%clk 1:32:34]} Nxc3
{[%clk 1:29:16]} 6. bxc3 {[%clk 1:32:57]} Bg7 {[%clk 1:29:38]} 7. Bc4
{[%clk 1:33:19]} c5 {[%clk 1:29:53]} 8. Ne2 {[%clk 1:33:40]} Nc6 {[%clk 1:30:05]}
9. Be3 {[%clk 1:33:55]} O-O {[%clk 1:30:26]} 10. O-O {[%clk 1:34:15]} Bg4
{[%clk 1:30:13]} 11. f3 {[%clk 1:34:29]} Bd7 {[%clk 1:30:36]} 12. Rb1
{[%clk 1:34:34]} a6 {[%clk 1:01:41]} 13. dxc5 {[%clk 1:22:58]} Na5
{[%clk 0:53:34]} 14. Bd3 {[%clk 1:14:56]} Qc8 {[%clk 0:21:30]} 15. Qc2
{[%clk 1:11:40]} Rd8 {[%clk 0:21:27]} 16. f4 {[%clk 0:54:53]} e6 {[%clk 0:11:48]}
17. Bd4 {[%clk 0:50:13]} Bf8 {[%clk 0:09:17]} 18. f5 {[%clk 0:46:25]} Bxc5
{[%clk 0:09:20]} 19. fxg6 {[%clk 0:46:08]} hxg6 {[%clk 0:09:05]} 20. e5
{[%clk 0:46:00]} Be8 {[%clk 0:07:58]} 21. Qd2 {[%clk 0:37:36]} Qc7
{[%clk 0:02:36]} 22. Qe3 {[%clk 0:37:06]} Rac8 {[%clk 0:02:15]} 23. Ng3
{[%clk 0:35:10]} Nc4 {[%clk 0:01:50]} 24. Bxc4 {[%clk 0:33:06]} Bxd4
{[%clk 0:02:18]} 25. cxd4 {[%clk 0:33:26]} Qxc4 {[%clk 0:02:44]} 26. Rbd1
{[%clk 0:33:06]} Qc3 {[%clk 0:02:11]} 27. Rd3 {[%clk 0:33:09]} Qb4
{[%clk 0:01:47]} 28. Ne4 {[%clk 0:33:13]} Kg7 {[%clk 0:00:51]} 29. Qg5
{[%clk 0:31:10]} Qf8 {[%clk 0:00:32]} 30. Rh3 {[%clk 0:31:06]} f5
{[%clk 0:00:35]} 31. exf6+ {[%clk 0:31:11]} Kf7 {[%clk 0:00:34]} 32. Rh7+
{[%clk 0:31:30]} Kg8 {[%clk 0:00:57]} 33. Rg7+ {[%clk 0:31:54]} 1-0

[Event "Marianske Lazne 2023"]
[Site "?"]
[Date "2023.01.20"]
[Round "8.1"]
[White "Stalmach, Richard"]
[Black "Adithya, A Chullikkad"]
[Result "1-0"]
[BlackElo "2196"]
[WhiteElo "2423"]
[LiveChessVersion "1.4.8"]

1. d4 {[%clk 1:30:31]} Nf6 {[%clk 1:29:51]} 2. c4 {[%clk 1:30:47]} e6
{[%clk 1:30:01]} 3. Nf3 {[%clk 1:31:05]} Bb4+ {[%clk 1:29:18]} 4. Nbd2
{[%clk 1:31:19]} b6 {[%clk 1:29:12]} 5. a3 {[%clk 1:31:42]} Bxd2+ 6. Qxd2 a5
{[%clk 1:28:26]} 7. g4 {[%clk 1:28:47]} Bb7 {[%clk 1:18:14]} 8. g5
{[%clk 1:28:53]} Ne4 {[%clk 1:15:57]} 9. Qf4 {[%clk 1:29:09]} d6 {[%clk 1:09:54]}
10. Bg2 {[%clk 1:27:22]} Nd7 {[%clk 1:05:39]} 11. Nh4 {[%clk 1:15:41]} d5
{[%clk 1:03:08]} 12. cxd5 {[%clk 1:12:13]} exd5 {[%clk 1:03:13]} 13. Nf5
{[%clk 1:11:33]} O-O {[%clk 1:02:58]} 14. f3 {[%clk 1:10:46]} Nd6
{[%clk 1:02:20]} 15. Nxd6 {[%clk 1:11:04]} cxd6 {[%clk 1:02:44]} 16. Qxd6
{[%clk 1:10:40]} Re8 {[%clk 0:58:17]} 17. Bh3 {[%clk 1:05:56]} Nf8
{[%clk 0:57:48]} 18. Qxd8 {[%clk 1:03:55]} Raxd8 {[%clk 0:58:10]} 19. Kf2
{[%clk 0:58:38]} Bc8 {[%clk 0:56:35]} 20. Bxc8 {[%clk 0:51:44]} Rxc8
{[%clk 0:56:59]} 21. Rd1 {[%clk 0:51:32]} Rc2 {[%clk 0:55:59]} 22. Rd2
{[%clk 0:51:51]} Rec8 {[%clk 0:56:09]} 23. Rxc2 {[%clk 0:52:16]} Rxc2
{[%clk 0:56:36]} 24. Ke3 {[%clk 0:52:11]} Ne6 {[%clk 0:53:45]} 25. Kd3
{[%clk 0:52:32]} Rc4 {[%clk 0:52:14]} 26. Be3 {[%clk 0:52:55]} Kf8
{[%clk 0:49:33]} 27. b3 {[%clk 0:52:48]} Rc8 {[%clk 0:48:32]} 28. a4
{[%clk 0:51:06]} Ke7 {[%clk 0:47:13]} 29. Bd2 {[%clk 0:51:11]} f5
{[%clk 0:42:32]} 30. gxf6+ {[%clk 0:51:02]} gxf6 {[%clk 0:42:44]} 31. Rg1
{[%clk 0:44:20]} Kf7 {[%clk 0:39:48]} 32. e4 {[%clk 0:41:13]} Rd8
{[%clk 0:36:51]} 33. Bc3 {[%clk 0:39:37]} h5 {[%clk 0:32:21]} 34. Rb1
{[%clk 0:34:39]} Ng5 {[%clk 0:25:59]} 35. Rf1 {[%clk 0:32:22]} Ne6
{[%clk 0:24:26]} 36. Rg1 {[%clk 0:32:09]} Rd7 {[%clk 0:20:44]} 37. Rc1
{[%clk 0:31:20]} Rd8 {[%clk 0:14:48]} 38. Bb2 {[%clk 0:28:01]} Rd6
{[%clk 0:08:58]} 39. Rc8 {[%clk 0:26:43]} Nf4+ {[%clk 0:04:30]} 40. Ke3
{[%clk 0:25:59]} Ng2+ {[%clk 0:04:42]} 41. Kd2 {[%clk 0:21:45]} dxe4
{[%clk 0:28:29]} 42. fxe4 {[%clk 0:52:10]} Re6 {[%clk 0:28:45]} 43. Rc7+
{[%clk 0:50:18]} Kg6 {[%clk 0:28:58]} 44. e5 {[%clk 0:38:39]} Nf4
{[%clk 0:26:32]} 45. Rd7 {[%clk 0:37:00]} fxe5 {[%clk 0:26:02]} 46. dxe5
{[%clk 0:37:14]} Kf5 {[%clk 0:24:11]} 47. Ke3 {[%clk 0:37:27]} Ng2+
{[%clk 0:21:57]} 48. Kf3 {[%clk 0:28:16]} Nh4+ {[%clk 0:20:15]} 49. Kg3
{[%clk 0:27:29]} Ng6 {[%clk 0:20:25]} 50. Rf7+ {[%clk 0:26:52]} Ke4
{[%clk 0:20:49]} 51. Rf6 {[%clk 0:27:13]} Rxf6 {[%clk 0:21:01]} 52. exf6
{[%clk 0:27:40]} Kd3 {[%clk 0:20:26]} 53. f7 {[%clk 0:27:40]} Kc2
{[%clk 0:20:51]} 54. Bd4 {[%clk 0:28:07]} Kxb3 {[%clk 0:21:14]} 55. Bxb6
{[%clk 0:28:34]} Kxa4 {[%clk 0:21:30]} 56. Bc5 {[%clk 0:28:59]} h4+
{[%clk 0:21:31]} 57. Kh3 {[%clk 0:29:00]} 1-0

[Event "Marianske Lazne 2023"]
[Site "?"]
[Date "2023.01.20"]
[Round "8.2"]
[White "Natsidis, Christoph"]
[Black "Petr, Martin"]
[Result "1/2-1/2"]
[BlackElo "2508"]
[WhiteElo "2308"]
[LiveChessVersion "1.4.8"]

1. d4 {[%clk 1:28:37]} Nf6 {[%clk 1:30:53]} 2. c4 {[%clk 1:28:44]} g6
{[%clk 1:31:17]} 3. Nf3 {[%clk 1:29:03]} Bg7 {[%clk 1:31:23]} 4. g3
{[%clk 1:29:25]} d5 {[%clk 1:29:39]} 5. cxd5 {[%clk 1:29:07]} Nxd5
{[%clk 1:30:03]} 6. Bg2 {[%clk 1:29:34]} Nb6 {[%clk 1:29:03]} 7. O-O
{[%clk 1:28:20]} Nc6 {[%clk 1:29:26]} 8. Nc3 {[%clk 1:22:03]} Nxd4
{[%clk 1:25:15]} 9. Nxd4 {[%clk 1:20:49]} Qxd4 {[%clk 1:19:07]} 10. Nb5
{[%clk 1:08:33]} Qxd1 {[%clk 1:14:55]} 11. Rxd1 {[%clk 1:08:55]} O-O
{[%clk 1:15:18]} 12. Nxc7 {[%clk 1:08:03]} Rb8 {[%clk 1:15:47]} 13. Bf4
{[%clk 0:59:48]} Bxb2 {[%clk 1:08:07]} 14. Rab1 {[%clk 0:37:53]} Bg7
{[%clk 1:08:29]} 15. Nd5 {[%clk 0:23:51]} Nxd5 {[%clk 1:07:20]} 16. Bxd5
{[%clk 0:22:17]} e5 {[%clk 1:06:30]} 17. Be3 {[%clk 0:22:42]} Bf5
{[%clk 0:56:47]} 18. Bxa7 {[%clk 0:15:20]} Bxb1 {[%clk 0:55:33]} 19. Bxb8
{[%clk 0:15:46]} Bxa2 {[%clk 0:43:36]} 20. Bxa2 {[%clk 0:10:03]} Rxb8
{[%clk 0:43:59]} 21. Rd7 {[%clk 0:10:30]} b5 {[%clk 0:43:09]} 22. Bxf7+
{[%clk 0:10:55]} Kh8 {[%clk 0:43:29]} 23. Bb3 {[%clk 0:11:00]} b4
{[%clk 0:43:04]} 24. e4 {[%clk 0:10:08]} Bf8 {[%clk 0:38:10]} 25. Rc7
{[%clk 0:08:56]} Bd6 {[%clk 0:34:48]} 26. Rc6 {[%clk 0:09:08]} Rd8
{[%clk 0:35:14]} 27. Kf1 {[%clk 0:08:32]} Kg7 {[%clk 0:32:27]} 28. Ke2
{[%clk 0:08:35]} g5 {[%clk 0:30:09]} 29. Bd5 {[%clk 0:07:59]} h5 {[%clk 0:30:05]}
30. h3 {[%clk 0:07:43]} Kf6 {[%clk 0:30:00]} 31. Rb6 {[%clk 0:07:31]} Ke7
{[%clk 0:28:22]} 32. Rb7+ {[%clk 0:07:49]} Rd7 {[%clk 0:28:46]} 33. Rxd7+
{[%clk 0:07:56]} 1/2-1/2

[Event "Marianske Lazne 2023"]
[Site "?"]
[Date "2023.01.20"]
[Round "8.4"]
[White "Kusa, Jakub"]
[Black "Stefansson, Hannes"]
[Result "1-0"]
[BlackElo "2526"]
[WhiteElo "2359"]
[LiveChessVersion "1.4.8"]

1. d4 {[%clk 1:30:56]} Nf6 {[%clk 1:30:50]} 2. c4 {[%clk 1:31:17]} e6
{[%clk 1:31:10]} 3. Nf3 {[%clk 1:31:29]} Bb4+ {[%clk 1:31:15]} 4. Bd2
{[%clk 1:31:30]} a5 {[%clk 1:31:28]} 5. g3 {[%clk 1:31:03]} d6 {[%clk 1:31:43]}
6. Bg2 {[%clk 1:30:42]} Nbd7 {[%clk 1:31:41]} 7. O-O {[%clk 1:30:17]} e5
{[%clk 1:31:59]} 8. Be3 {[%clk 1:27:58]} O-O {[%clk 1:29:46]} 9. a3
{[%clk 1:27:05]} exd4 {[%clk 1:30:03]} 10. Bxd4 {[%clk 1:27:11]} Bc5
{[%clk 1:30:07]} 11. Nc3 {[%clk 1:26:17]} Re8 {[%clk 1:27:10]} 12. b3
{[%clk 1:23:25]} c6 {[%clk 1:23:41]} 13. Qc2 {[%clk 1:19:26]} Bxd4
{[%clk 1:19:05]} 14. Nxd4 {[%clk 1:19:48]} Nb6 {[%clk 1:18:49]} 15. Rfd1
{[%clk 1:16:40]} a4 {[%clk 1:17:50]} 16. c5 {[%clk 1:12:55]} axb3
{[%clk 1:13:58]} 17. Qxb3 {[%clk 1:07:45]} Nbd5 {[%clk 1:13:53]} 18. Nxd5
{[%clk 1:06:05]} cxd5 {[%clk 1:14:17]} 19. c6 {[%clk 0:53:53]} bxc6
{[%clk 1:13:24]} 20. Nxc6 {[%clk 0:53:58]} Qd7 {[%clk 1:13:30]} 21. Nb4
{[%clk 0:49:31]} Rxe2 {[%clk 1:10:36]} 22. Nxd5 {[%clk 0:47:24]} Nxd5
{[%clk 1:10:25]} 23. Bxd5 {[%clk 0:47:05]} Ra7 {[%clk 1:05:20]} 24. Rac1
{[%clk 0:43:30]} Rc7 {[%clk 1:04:35]} 25. Bxf7+ {[%clk 0:41:12]} Kh8
{[%clk 1:04:18]} 26. Qf3 {[%clk 0:38:00]} Re7 {[%clk 1:00:31]} 27. Bc4
{[%clk 0:29:41]} Qe8 {[%clk 0:58:19]} 28. Bb5 {[%clk 0:27:20]} Qd8
{[%clk 0:58:04]} 29. Rxc7 {[%clk 0:26:50]} Rxc7 {[%clk 0:58:27]} 30. Re1
{[%clk 0:26:10]} Bd7 {[%clk 0:58:50]} 31. Bxd7 {[%clk 0:23:45]} Rxd7
{[%clk 0:59:14]} 32. Qd5 {[%clk 0:23:38]} h6 {[%clk 0:59:24]} 33. Re6
{[%clk 0:22:52]} Qb8 {[%clk 0:59:43]} 34. a4 {[%clk 0:21:34]} Rd8
{[%clk 0:59:40]} 35. Re7 {[%clk 0:20:20]} Qb2 {[%clk 0:59:03]} 36. Re1
{[%clk 0:14:00]} Rf8 {[%clk 0:57:17]} 37. Rf1 {[%clk 0:14:22]} Qa3
{[%clk 0:54:41]} 38. Qd4 {[%clk 0:14:16]} Rc8 {[%clk 0:54:16]} 39. Qa1
{[%clk 0:12:04]} Qc5 {[%clk 0:54:35]} 40. Rd1 {[%clk 0:11:38]} d5
{[%clk 0:54:41]} 41. Qd4 {[%clk 0:10:18]} Qa5 {[%clk 0:53:43]} 42. Rb1
{[%clk 0:09:19]} Qa6 {[%clk 0:53:34]} 43. Rb5 {[%clk 0:08:18]} Kh7
{[%clk 0:49:00]} 44. Qxd5 {[%clk 0:06:08]} 1-0

[Event "Marianske Lazne 2023"]
[Site "?"]
[Date "2023.01.20"]
[Round "8.5"]
[White "Chen, Qi b"]
[Black "Seemann, Jakub"]
[Result "1/2-1/2"]
[BlackElo "2389"]
[WhiteElo "2484"]
[LiveChessVersion "1.4.8"]

1. e4 {[%clk 1:30:58]} e6 {[%clk 1:30:53]} 2. d4 {[%clk 1:31:07]} d5
{[%clk 1:31:16]} 3. Nd2 {[%clk 1:30:20]} c5 {[%clk 1:31:39]} 4. Ngf3
{[%clk 1:29:13]} cxd4 {[%clk 1:32:02]} 5. exd5 {[%clk 1:27:50]} Qxd5
{[%clk 1:32:24]} 6. Bc4 {[%clk 1:28:02]} Qd6 {[%clk 1:32:49]} 7. O-O
{[%clk 1:27:25]} Nf6 {[%clk 1:33:15]} 8. Nb3 {[%clk 1:26:18]} Nc6
{[%clk 1:33:34]} 9. Nbxd4 {[%clk 1:24:10]} Nxd4 {[%clk 1:33:39]} 10. Qxd4
{[%clk 1:22:30]} Qxd4 {[%clk 1:33:33]} 11. Nxd4 {[%clk 1:22:54]} a6
{[%clk 1:32:58]} 12. a4 {[%clk 1:18:06]} Bd7 {[%clk 1:25:45]} 13. Be2
{[%clk 1:08:05]} O-O-O {[%clk 1:15:43]} 14. Nb3 {[%clk 0:51:58]} 1/2-1/2

[Event "Marianske Lazne 2023"]
[Site "?"]
[Date "2023.01.20"]
[Round "8.7"]
[White "Sorm, Daniel"]
[Black "Can, Isik"]
[Result "0-1"]
[BlackElo "2488"]
[WhiteElo "2302"]
[LiveChessVersion "1.4.8"]

1. d4 Nf6 {[%clk 1:29:28]} 2. c4 {[%clk 1:30:23]} e6 {[%clk 1:29:53]} 3. Nc3
{[%clk 1:29:03]} Bb4 {[%clk 1:30:18]} 4. e3 {[%clk 1:29:03]} O-O {[%clk 1:30:43]}
5. Nge2 d5 6. a3 {[%clk 1:29:03]} Bd6 {[%clk 1:28:06]} 7. c5 {[%clk 1:29:03]} Be7
{[%clk 1:28:32]} 8. b4 {[%clk 1:28:14]} b6 {[%clk 1:27:06]} 9. Nf4
{[%clk 1:27:06]} c6 {[%clk 1:25:13]} 10. Bb2 {[%clk 1:21:38]} Nbd7
{[%clk 1:23:07]} 11. Nd3 {[%clk 1:19:43]} a5 {[%clk 1:16:48]} 12. Be2
{[%clk 1:11:07]} Ba6 {[%clk 1:15:55]} 13. O-O {[%clk 1:08:03]} Bc4
{[%clk 1:08:51]} 14. f4 {[%clk 0:59:53]} Ne8 {[%clk 0:54:26]} 15. g4
{[%clk 0:52:20]} Rb8 {[%clk 0:46:38]} 16. Bc1 {[%clk 0:48:08]} g6
{[%clk 0:44:45]} 17. g5 {[%clk 0:42:43]} Ng7 {[%clk 0:44:58]} 18. Nf2
{[%clk 0:38:32]} Bxe2 {[%clk 0:33:25]} 19. Qxe2 {[%clk 0:38:19]} f6
{[%clk 0:33:02]} 20. gxf6 {[%clk 0:36:09]} Bxf6 {[%clk 0:33:04]} 21. Bd2
{[%clk 0:32:18]} Nf5 {[%clk 0:29:32]} 22. Rab1 {[%clk 0:26:29]} Bg7
{[%clk 0:24:06]} 23. cxb6 {[%clk 0:19:57]} Nxb6 {[%clk 0:20:48]} 24. bxa5
{[%clk 0:20:15]} Nc4 {[%clk 0:21:15]} 25. Na4 {[%clk 0:18:49]} Bxd4
{[%clk 0:18:54]} 26. Bb4 {[%clk 0:04:31]} Ncxe3 {[%clk 0:16:04]} 27. Bxf8
{[%clk 0:04:39]} Nxf1 {[%clk 0:14:52]} 28. Rxb8 {[%clk 0:04:06]} Qxb8
{[%clk 0:15:17]} 29. Bc5 {[%clk 0:03:03]} N1e3 {[%clk 0:15:07]} 30. Nd3
{[%clk 0:00:48]} Qb1+ {[%clk 0:13:41]} 31. Kf2 {[%clk 0:01:17]} Qh1
{[%clk 0:09:41]} 32. Bxd4 {[%clk 0:00:32]} Nd1+ {[%clk 0:10:06]} 33. Qxd1
{[%clk 0:00:50]} Qxd1 {[%clk 0:10:32]} 0-1